ARRUPE JESUIT UNIVERSITY

CORONAVIRUS -STOP THE SPREAD - CLEAN,DISINFECT,COVER

A guide for the perplexed; (Record no. 131468)

MARC details
000 -LEADER
fixed length control field 00404nam a22001457a 4500
008 - FIXED-LENGTH DATA ELEMENTS--GENERAL INFORMATION
fixed length control field 220519b |||||||| |||| 00| 0 eng d
020 ## - INTERNATIONAL STANDARD BOOK NUMBER
International Standard Book Number 022401496.
050 ## - LIBRARY OF CONGRESS CALL NUMBER
Classification number BD161
100 ## - MAIN ENTRY--PERSONAL NAME
Personal name Schumacher E. F
9 (RLIN) 51692
245 ## - TITLE STATEMENT
Title A guide for the perplexed;
Statement of responsibility, etc E . F . Schumacher
260 ## - PUBLICATION, DISTRIBUTION, ETC. (IMPRINT)
Place of publication, distribution, etc London:
Name of publisher, distributor, etc Jonathan Cape,
Date of publication, distribution, etc 1977.
300 ## - PHYSICAL DESCRIPTION
Extent 165,;
Dimensions 22cm.
650 ## - SUBJECT ADDED ENTRY--TOPICAL TERM
Topical term or geographic name as entry element Knowledge,theory of
942 ## - ADDED ENTRY ELEMENTS (KOHA)
Source of classification or shelving scheme Library of Congress Classification
Item type Monograph ( Printed materials)
Holdings
Withdrawn status Lost status Source of classification or shelving scheme Damaged status Not for loan Collection code Home library Current library Date acquired Total Checkouts Full call number Barcode Date last seen Price effective from Koha item type
    Library of Congress Classification     Main Collection ARRUPE LIBRARY ARRUPE LIBRARY 19/05/2022   BD161 46600009253 19/05/2022 19/05/2022 Monograph ( Printed materials)

 

Arrupe Library. PO Box MP320 Mt Pleasant, Harare, Zimbabwe
263 242 745411|librarian@aju.ac.zw